00946cam a2200253 a 450000100090000000300040000900500170001300800410003001000170007102000180008804000180010605000220012408200210014610000190016724500450018625000130023126000410024430000340028550000640031965000290038385600830041285600910049585601060058614505510OSt20200128103506.0060818s2008 maua b 001 0 eng  a 2006026834 a9780071259309 aDLCcDLCdDLC00aHD58.7b.L88 200800a658.3222bLUT/O a Luthans, Fred10aOrganizational behavior /cFred Luthans. a11th ed. aBoston :bMcGraw-Hill/Irwin,cc2008. axvi, 592 p. :bill. ;c26 cm. aIncludes bibliographical references (p. 478-557) and index. 0aOrganizational behavior.413Table of contents onlyuhttp://www.loc.gov/catdir/toc/ecip0619/2006026834.html423Publisher descriptionuhttp://www.loc.gov/catdir/enhancements/fy0665/2006026834-d.html423Contributor biographical informationuhttp://www.loc.gov/catdir/enhancements/fy0735/2006026834-b.html